Loading...
| Current Events | 2 | 20.00 | 100% | 50% | 50% |
| Fine Arts - Classical Music | 7 | 15.71 | 100% | 43% | 14% |
| Fine Arts - Other | 8 | 16.25 | 100% | 63% | 0% |
| Fine Arts - Painting and Sculpture | 6 | 11.67 | 100% | 17% | 0% |
| Geography | 1 | 10.00 | 100% | 0% | 0% |
| History - American | 3 | 23.33 | 100% | 100% | 33% |
| History - European | 5 | 24.00 | 100% | 80% | 60% |
| History - Other | 7 | 21.43 | 100% | 86% | 29% |
| History - World | 5 | 16.00 | 100% | 60% | 0% |
| Literature - American | 5 | 14.00 | 100% | 20% | 20% |
| Literature - British | 7 | 11.43 | 86% | 29% | 0% |
| Literature - European | 6 | 13.33 | 100% | 33% | 0% |
| Literature - World | 7 | 17.14 | 100% | 43% | 29% |
| Mythology | 4 | 15.00 | 100% | 25% | 25% |
| Other Academic | 2 | 20.00 | 100% | 50% | 50% |
| Philosophy | 3 | 13.33 | 100% | 33% | 0% |
| Pop Culture | 2 | 20.00 | 100% | 50% | 50% |
| Religion | 8 | 16.25 | 100% | 38% | 25% |
| Science - Biology | 4 | 12.50 | 75% | 50% | 0% |
| Science - Chemistry | 7 | 11.43 | 100% | 14% | 0% |
| Science - Other | 4 | 12.50 | 100% | 0% | 25% |
| Science - Physics | 4 | 12.50 | 100% | 25% | 0% |
| Social Science | 2 | 10.00 | 100% | 0% | 0% |